Satellite Images of Peninsulas - Statistics

General Stats
  • This quiz has been taken 88 times
    16 since last reset
  • The average score is 5 of 12
Answer Stats
Picture Answer % Correct
Arabia
100%
Balkans
100%
Bronx
100%
Cape Cod
100%
Florida
100%
Horn of Africa
100%
Iberia
100%
Italy
100%
Jutland
100%
Kamchatka
100%
Korea
100%
Salento
100%
Scandinavia
100%
Sinai
100%
Wales
100%
Baja California
80%
Crimea
67%
Indochina
67%
Lower Michigan
67%
San Francisco | Tiburon
67%
Anatolia
50%
Antarctic
50%
Brittany
50%
Calabria
50%
Cotentin
50%
Istanbul | Kocaeli
50%
Istria
50%
Kola
50%
Minahasa
50%
Papuan
50%
Yucatan
50%
Boso
33%
North Holland
33%
Peloponnese
33%
Shandong
33%
Delmarva
25%
Northland
25%
Upper Michigan
20%
Attica
0%
Bataan
0%
Ca Mau
0%
Cape York
0%
Chalkidiki
0%
Cornwall
0%
Deccan
0%
Door
0%
Fife
0%
Gallipoli
0%
Kenai
0%
Kowloon
0%
La Guajira
0%
Land Between the Lakes
0%
Leizhou
0%
Liaodong
0%
Macau
0%
Malay
0%
Melville
0%
Musandam
0%
Nova Scotia
0%
Olympic
0%
Ontario
0%
Scania
0%
Shimabara
0%
Zamboanga
0%
No matching quizzes found
Score Distribution
Percent of People with Each Score
Percentile by Number Answered
Your Score History
You have not taken this quiz since the last reset